000 00598nam a2200229 i 4500
001 C2-0298177
003 PPAK
005 20180728080318.0
008 090527s2004 ii |||| ||||| | tam d
040 _aPPAK
_beng
_cPPAK
_erda
082 0 4 _a894.811
_223
090 0 0 _a894.811
_bMUV
_dG
100 0 _aMu. Varathrasan,
_eauthor
245 1 0 _aThangaikku
264 1 _aChennai, India :
_bPaari Nilayam ,
_c2004
300 _a88 pages ;
_c18 cm
336 _2rdacontent
_atext
337 _2rdamedia
_aunmediated
338 _2rdacarrier
_avolume
650 1 0 _aTamil literature
942 _ddc
_cB
999 _c102520
_d102520